UBT Library

Pharmacology of aging processes : (Record no. 41079)

000 -LEADER
fixed length control field 00919pam a2200253 a 4500
001 - CONTROL NUMBER
control field 4905736
005 - DATE AND TIME OF LATEST TRANSACTION
control field 20180127051324.0
008 - FIXED-LENGTH DATA ELEMENTS--GENERAL INFORMATION
fixed length control field 940330s1994 nyua b 101 0 eng c
010 ## - LIBRARY OF CONGRESS CONTROL NUMBER
LC control number 94015312
020 ## - INTERNATIONAL STANDARD BOOK NUMBER
International Standard Book Number 0897668804 (cloth : alk. paper)
020 ## - INTERNATIONAL STANDARD BOOK NUMBER
International Standard Book Number 0897668812 (paper : alk. paper)
040 ## - CATALOGING SOURCE
Original cataloging agency DNLM/DLC
Transcribing agency DLC
Modifying agency DLC
041 ## - LANGUAGE CODE
Language code of text/sound track or separate title eng
060 10 - NATIONAL LIBRARY OF MEDICINE CALL NUMBER
Classification number 615.708460
-- WT 104 P536 1994
080 ## - UNIVERSAL DECIMAL CLASSIFICATION NUMBER
Universal Decimal Classification number 615.708460
082 00 - DEWEY DECIMAL CLASSIFICATION NUMBER
Classification number 615.708460 NAG
-- 615.708460
Edition number 20
100 ## - Rafti
Rafti 5
101 ## - Shkurtesa
Shkurtesa SHF
245 00 - TITLE STATEMENT
Title Pharmacology of aging processes :
Statement of responsibility, etc edited by Imre Zs.-Nagy, Denham Harman, and Kenichi Kitani.
504 ## - BIBLIOGRAPHY, ETC. NOTE
Bibliography, etc Includes bibliographical references and indexes.
906 ## - LOCAL DATA ELEMENT F, LDF (RLIN)
a 7
b cbc
c orignew
d 1
e ocip
f 19
g y-gencatlg
942 ## - ADDED ENTRY ELEMENTS (KOHA)
Source of classification or shelving scheme
Item type Books
Holdings
Withdrawn status Lost status Source of classification or shelving scheme Damaged status Not for loan Collection code Permanent location Current location Shelving location Date acquired Total Checkouts Full call number Barcode Date last seen Price effective from Koha item type
          Koleksioni i përgjithshem UBT - Lipjan UBT - Lipjan Koleksioni i përgjithshem 01/27/2018   615.708460 NAG 002-2996666 01/27/2018 01/27/2018 Books
UBT Library © 2015-2024. All rights reserved University Education for Business and Technology